Teachers' certificates issued under general state laws and regulations / (Record no. 19253)

MARC details
000 -LEADER
fixed length control field 01065cam a22002531a 4500
001 - CONTROL NUMBER
control field e 11002021
003 - CONTROL NUMBER IDENTIFIER
control field DLC
005 - DATE AND TIME OF LATEST TRANSACTION
control field 20260227111156.0
008 - FIXED-LENGTH DATA ELEMENTS--GENERAL INFORMATION
fixed length control field 830823s1911 dcua b f000 0 eng c
010 ## - LIBRARY OF CONGRESS CONTROL NUMBER
LC control number e 11002021
035 ## - SYSTEM CONTROL NUMBER
System control number (OCoLC)9837880
040 ## - CATALOGING SOURCE
Original cataloging agency Library, U.S. Office of Education
Transcribing agency ABAU
Modifying agency ABAU
-- DLC
042 ## - AUTHENTICATION CODE
Authentication code premarc
050 00 - LIBRARY OF CONGRESS CALL NUMBER
Classification number L111
Item number .A6 1911, no. 18
051 ## - LIBRARY OF CONGRESS COPY, ISSUE, OFFPRINT STATEMENT
Classification number LB1771
Item number .A3 1911
100 1# - MAIN ENTRY--PERSONAL NAME
Personal name Updegraff, Harlan,
Dates associated with a name 1874-
245 10 - TITLE STATEMENT
Title Teachers' certificates issued under general state laws and regulations /
Statement of responsibility, etc. by Harlan Updegraff.
260 ## - PUBLICATION, DISTRIBUTION, ETC.
Place of publication, distribution, etc. Washington :
Name of publisher, distributor, etc. G.P.O.,
Date of publication, distribution, etc. 1911.
300 ## - PHYSICAL DESCRIPTION
Extent 269 p. :
Other physical details ill., maps ;
Dimensions 23 cm.
490 0# - SERIES STATEMENT
Series statement Bulletin / U.S. Bureau of Education ;
Volume/sequential designation 1911, no. 18 = Whole no. 465
501 ## - WITH NOTE
With note L111.A6 with: Training of teachers of elementary and secondary mathematics / International Commission on the Teaching of Mathematics. Washington : Govt. Print. Off., 1911. Bound together subsequent to publication.
Institution to which field applies DLC
504 ## - BIBLIOGRAPHY, ETC. NOTE
Bibliography, etc. note Bibliography: p. [262]-266.
650 #0 - SUBJECT ADDED ENTRY--TOPICAL TERM
Topical term or geographic name entry element Teachers
General subdivision Certification
Geographic subdivision United States.

No items available.

Powered by Koha